| 000 | 01013cam a2200301 a 4500 | ||
|---|---|---|---|
| 001 | 2525156 | ||
| 003 | LC | ||
| 005 | 20160222134431.0 | ||
| 008 | 931020s1994 nyu 000 1 eng | ||
| 010 | _a 93040191 | ||
| 020 |
_a0451184262 _c$19.95 ($27.99 Can.) |
||
| 040 |
_aDLC _cDLC _dDLC |
||
| 043 | _an-us-ny | ||
| 050 | 0 | 0 |
_aPS 3552 _b.B88 1994 |
| 082 | 0 | 0 |
_aFIC _bB62b 1994 |
| 100 | 1 |
_aBlock, Lawrence. _918703 |
|
| 245 | 1 | 4 |
_aThe burglar who traded ted williams : _ba bernie rhodenbarr mystery _cLawrence Block |
| 260 |
_aNew York : _bPenguin Books, _cc1994. |
||
| 300 |
_a372 p. ; _c18 cm. |
||
| 562 | _e1 | ||
| 650 | 0 |
_aMystery _xFiction. _918704 |
|
| 651 | 0 |
_aNew York (N.Y.) _vFiction. _918705 |
|
| 655 | 7 |
_aDetective and mystery stories. _2gsafd _93472 |
|
| 906 |
_a7 _bcbc _corignew _d1 _eocip _f19 _gy-gencatlg |
||
| 942 |
_2lcc _cBK |
||
| 999 |
_c11040 _d11040 |
||